• 首页
  • 本馆介绍
  • 公告通知
  • 最新文献
  • 馆藏检索
  • 电子资源
  • 读者导购
  • 参考咨询
  • 我的图书馆
  • 登录
  • 详细信息显示
  • 放入我的书架
  • 预约/预借图书
  • 作者相关作品
  • 分类相关作品
  • 丛书相关作品
  • 出版社相关作品

书目信息

  • 表格格式
  • 工作单格式
  • 卡片格式
题名:
趣味语文
    
 
作者: 师为公 著
分册:  
出版信息: 上海   上海古籍出版社  2007
页数: 266页
开本: 21cm
丛书名:
单 册:
中图分类: H1-49
科图分类:
主题词: 汉语--通俗读物 , 汉语
电子资源:
ISBN: 978-7-5325-4666-4
000 00757nam0 2200229 450
001 1235091656
005 20121016094518.56
010    @a978-7-5325-4666-4@dCNY24.00
100    @a20070327d2007 em y0chiy50 ea
101 0  @achi
102    @aCN@b310000
105    @aa z 000yy
200 1  @a趣味语文@Aqu wei yu wen@e插图本@f师为公著
210    @a上海@c上海古籍出版社@d2007
215    @a266页@c图@d21cm
330    @a本书分为:“语音趣话”、“语法趣话”、“词汇趣话”、“汉字趣话”四部分。介绍了谐音的情趣,趋吉避凶的民情风俗,句读与虚词趣闻,词义古今演变大观,汉字与历史文化等内容。
606 0  @a汉语@j通俗读物
606 0  @a汉语
690    @aH1-49@v4
701  0 @a师为公@Ashi wei gong@4著
801  0 @aCN@bNLC@c20101222
905    @a10447@dH1-49@eJY100
    
    趣味语文:插图本/师为公著.-上海:上海古籍出版社,2007
    266页:图;21cm
    
    
    ISBN 978-7-5325-4666-4:CNY24.00
    本书分为:“语音趣话”、“语法趣话”、“词汇趣话”、“汉字趣话”四部分。介绍了谐音的情趣,趋吉避凶的民情风俗,句读与虚词趣闻,词义古今演变大观,汉字与历史文化等内容。
●
相关链接 在E读中查询图书 在五车中查询图书 在当当中查询图书 在豆瓣中查询图书


正题名:趣味语文     索取号:H1-49/JY100         预约/预借

序号 登录号 条形码 馆藏地/架位号 状态 备注
1 7829470   278294702   学院路分馆/ [索取号:H1-49/JY100] 在馆    
2 7829471   278294711   学院路分馆/ [索取号:H1-49/JY100] 在馆    
唐山师范学院图书馆 欢迎您!
大连网信软件有限公司© 版权所有